Educación artística y desarrollo humano
El objetivo principal de este ensayo es examinar aquello que los psicólogos han descubierto acerca de los principios que rigen el desarrollo de los seres humanos, especialmente en el área artística.
Shranjeno v:
| Glavni avtor: | |
|---|---|
| Format: | Knjiga |
| Jezik: | Spanish |
| Izdano: |
Barcelona:
Ediciones Paidós Ibérica,
1994
|
| Serija: | Paidós educador;
No. 114 |
| Teme: | |
| Online dostop: | Enlace del recurso |
| Oznake: |
Označite
Brez oznak, prvi označite!
|
MARC
| LEADER | 00000nam a2200000 a 4500 | ||
|---|---|---|---|
| 001 | 000635 | ||
| 008 | 030325s1994 sp # fr# #000|0#spa#d | ||
| 020 | |a 84-493-0023-1 | ||
| 041 | 0 | |a spa | |
| 043 | |a e-sp--- | ||
| 082 | 0 | 4 | |a 707 |b G162e |
| 100 | 1 | |a Gardner, Howard | |
| 245 | 1 | 0 | |a Educación artística y desarrollo humano |c Howard Gardner |
| 260 | |a Barcelona: |b Ediciones Paidós Ibérica, |c 1994 | ||
| 300 | |a 106 p. | ||
| 440 | 0 | |a Paidós educador; |v No. 114 | |
| 504 | |a Incluye bibliografía. | ||
| 520 | 3 | |a El objetivo principal de este ensayo es examinar aquello que los psicólogos han descubierto acerca de los principios que rigen el desarrollo de los seres humanos, especialmente en el área artística. | |
| 534 | |p Título original: |t Art education and human development | ||
| 650 | 1 | 4 | |a EDUCACIÓN ARTÍSTICA |
| 650 | 1 | 4 | |a EDUCACIÓN ESTÉTICA |
| 999 | |c 2787 |d 2787 | ||
| 856 | |u https://catalogo.idep.edu.co/cgi-bin/koha/opac-detail.pl?biblionumber=2787 |z Enlace del recurso | ||